<?xml version="1.0" encoding="UTF-8"?>
<record
    xmlns:xsi="http://www.w3.org/2001/XMLSchema-instance"
    xsi:schemaLocation="http://www.loc.gov/MARC21/slim http://www.loc.gov/standards/marcxml/schema/MARC21slim.xsd"
    xmlns="http://www.loc.gov/MARC21/slim">

  <leader>02151nam a2200457 a 4500</leader>
  <controlfield tag="001">00003268</controlfield>
  <controlfield tag="003">AR-MoUNM</controlfield>
  <controlfield tag="005">20231201144249.0</controlfield>
  <controlfield tag="008">161003s2001    ag ||||| |||| 00| 0 spa d</controlfield>
  <datafield tag="020" ind1=" " ind2=" ">
    <subfield code="a">9879423631</subfield>
  </datafield>
  <datafield tag="020" ind1=" " ind2=" ">
    <subfield code="a">9789879423639</subfield>
  </datafield>
  <datafield tag="040" ind1=" " ind2=" ">
    <subfield code="a">IIGG</subfield>
    <subfield code="c">IIGG</subfield>
    <subfield code="d">AR-MoUNM</subfield>
  </datafield>
  <datafield tag="082" ind1="0" ind2=" ">
    <subfield code="2">20</subfield>
    <subfield code="a">190</subfield>
    <subfield code="b">CAIN 135</subfield>
  </datafield>
  <datafield tag="245" ind1="0" ind2="3">
    <subfield code="a">De Ca&#xED;n a la clonaci&#xF3;n :</subfield>
    <subfield code="b">ensayos sobre el l&#xED;mite : lo prohibido y lo posible /</subfield>
    <subfield code="c">Susana Raquel Barbosa ... [et al.].</subfield>
  </datafield>
  <datafield tag="260" ind1=" " ind2=" ">
    <subfield code="a">Buenos Aires :</subfield>
    <subfield code="b">Altamira,</subfield>
    <subfield code="c">2001.</subfield>
  </datafield>
  <datafield tag="300" ind1=" " ind2=" ">
    <subfield code="a"> 234 p. :</subfield>
    <subfield code="b">il. ;</subfield>
    <subfield code="c">22 cm.</subfield>
  </datafield>
  <datafield tag="490" ind1="0" ind2=" ">
    <subfield code="a">(Biblioteca de filosof&#xED;a)</subfield>
  </datafield>
  <datafield tag="505" ind1="0" ind2=" ">
    <subfield code="t">Primera parte: El llamado a la &#xE9;tica</subfield>
  </datafield>
  <datafield tag="505" ind1="0" ind2=" ">
    <subfield code="t">Ca&#xED;n doliente /</subfield>
    <subfield code="r">Santiago Kovadloff.</subfield>
    <subfield code="g">p. 13-20.</subfield>
  </datafield>
  <datafield tag="505" ind1="0" ind2=" ">
    <subfield code="t">El l&#xED;mite, el infinito y lo prohibido /</subfield>
    <subfield code="r">Juan Carlos Scannone S. I.</subfield>
    <subfield code="g">p. 21-34</subfield>
  </datafield>
  <datafield tag="505" ind1="0" ind2=" ">
    <subfield code="t">El imposible testimonio: Celan Derrida /</subfield>
    <subfield code="r">Ricardo Forster.</subfield>
    <subfield code="g">p. 35-54.</subfield>
  </datafield>
  <datafield tag="505" ind1="0" ind2=" ">
    <subfield code="t">Habitar el l&#xED;mite /</subfield>
    <subfield code="r">Eugenio Tr&#xED;as.</subfield>
    <subfield code="g">p. 55-65.</subfield>
  </datafield>
  <datafield tag="505" ind1="0" ind2=" ">
    <subfield code="t">Segunda parte: Lo fr&#xE1;gil: miradas desde el l&#xED;mite</subfield>
  </datafield>
  <datafield tag="505" ind1="0" ind2=" ">
    <subfield code="t">Los heroicos cuidados del  fr&#xE1;gil bien /</subfield>
    <subfield code="r">Arturo Emilio Sala.</subfield>
    <subfield code="g">p. 69-98.</subfield>
  </datafield>
  <datafield tag="505" ind1="0" ind2=" ">
    <subfield code="t">Puertas y ventanas, tamices de la espacialidad /</subfield>
    <subfield code="r">Roberto Doberti.</subfield>
    <subfield code="g">p. 99-118.</subfield>
  </datafield>
  <datafield tag="505" ind1="0" ind2=" ">
    <subfield code="t">Erosi&#xF3;n de la obediencia /</subfield>
    <subfield code="r">Susana Raquel Barbosa.</subfield>
    <subfield code="g">p. 119-136.</subfield>
  </datafield>
  <datafield tag="505" ind1="0" ind2=" ">
    <subfield code="t">El sujeto del deseo /</subfield>
    <subfield code="r">Isidoro Vegh.</subfield>
    <subfield code="g">p. 137-148.</subfield>
  </datafield>
  <datafield tag="505" ind1="0" ind2=" ">
    <subfield code="t">Daniel Bell: La declinaci&#xF3;n de la teor&#xED;a del infierno y la radicalidad de un pensamiento del l&#xED;mite /</subfield>
    <subfield code="r">Mar&#xED;a Cristina Reigadas.</subfield>
    <subfield code="g">p. 149-161.</subfield>
  </datafield>
  <datafield tag="505" ind1="0" ind2=" ">
    <subfield code="t">Tercera parte: Lo f&#xE1;ustico: ciencia y tecnolog&#xED;a</subfield>
  </datafield>
  <datafield tag="505" ind1="0" ind2=" ">
    <subfield code="t">Lo prohibido y lo imposible. El problema del l&#xED;mite en la sociedad tecnol&#xF3;gica avanzada /</subfield>
    <subfield code="r">Mario Casalla.</subfield>
    <subfield code="g">p. 165-191.</subfield>
  </datafield>
  <datafield tag="505" ind1="0" ind2=" ">
    <subfield code="t">Los l&#xED;mites de la ciencia /</subfield>
    <subfield code="r">Ricardo G&#xF3;mez.</subfield>
    <subfield code="g">p. 193-208.</subfield>
  </datafield>
  <datafield tag="505" ind1="0" ind2=" ">
    <subfield code="t">Tecnosis /</subfield>
    <subfield code="r">Enrique Miguel del Percio.</subfield>
    <subfield code="g">p. 209-228.</subfield>
  </datafield>
  <datafield tag="650" ind1=" " ind2="7">
    <subfield code="2">unescot</subfield>
    <subfield code="a">FILOSOFIA</subfield>
    <subfield code="9">443</subfield>
  </datafield>
  <datafield tag="650" ind1=" " ind2="7">
    <subfield code="2">unescot</subfield>
    <subfield code="a">RELIGION</subfield>
    <subfield code="9">1614</subfield>
  </datafield>
  <datafield tag="650" ind1=" " ind2="7">
    <subfield code="2">unescot</subfield>
    <subfield code="a">TECNOLOGIA</subfield>
    <subfield code="9">536</subfield>
  </datafield>
  <datafield tag="650" ind1=" " ind2="7">
    <subfield code="2">unescot</subfield>
    <subfield code="a">SOCIOLOGIA</subfield>
    <subfield code="9">29</subfield>
  </datafield>
  <datafield tag="650" ind1=" " ind2="7">
    <subfield code="2">unescot</subfield>
    <subfield code="a">CLONACION</subfield>
    <subfield code="9">6630</subfield>
  </datafield>
  <datafield tag="650" ind1=" " ind2="7">
    <subfield code="2">unescot</subfield>
    <subfield code="a">ETICA</subfield>
    <subfield code="9">1630</subfield>
  </datafield>
  <datafield tag="650" ind1=" " ind2="7">
    <subfield code="2">mpirdes</subfield>
    <subfield code="a">CIENCIA</subfield>
    <subfield code="9">160</subfield>
  </datafield>
  <datafield tag="942" ind1=" " ind2=" ">
    <subfield code="c">LIBRO</subfield>
  </datafield>
  <datafield tag="999" ind1=" " ind2=" ">
    <subfield code="c">19367</subfield>
    <subfield code="d">19368</subfield>
  </datafield>
  <datafield tag="952" ind1=" " ind2=" ">
    <subfield code="0">0</subfield>
    <subfield code="1">0</subfield>
    <subfield code="4">0</subfield>
    <subfield code="7">0</subfield>
    <subfield code="a">UNM</subfield>
    <subfield code="b">UNM</subfield>
    <subfield code="d">2023-11-22</subfield>
    <subfield code="e">Donaci&#xF3;n Haydee Lorusso</subfield>
    <subfield code="i">25343</subfield>
    <subfield code="l">0</subfield>
    <subfield code="o">190 CAIN 135</subfield>
    <subfield code="p">25343</subfield>
    <subfield code="r">2023-11-22 00:00:00</subfield>
    <subfield code="t">Ej. C</subfield>
    <subfield code="w">2023-11-22</subfield>
    <subfield code="y">TR&#xC1;NSITO</subfield>
  </datafield>
</record>
